[Event "Bayern-chI Bank Hofmann 20th"]
[Site "Bad Wiessee"]
[Date "2016.11.01"]
[Round "4"]
[White "Simon, Andre"]
[Black "Buchenau, Frank"]
[Result "1-0"]
[WhiteElo "2069"]
[BlackElo "2272"]
[PlyCount "129"]
[EventDate "2016.10.29"]
[EventType "swiss"]
[EventRounds "9"]
[EventCountry "GER"]
[SourceTitle "CBM 175 Extra"]
[Source "ChessBase"]
[SourceDate "2016.12.12"]
[SourceVersion "1"]
[SourceVersionDate "2016.12.12"]
[SourceQuality "1"]

1. c4 e5 2. g3 Nf6 3. Bg2 c6 4. d4 Bb4+ 5. Nc3 Qa5 6. Qd3 exd4 7. Qxd4 0-0 8. Bd2 Re8 9. e3 Bc5 10. Qd3 Qa6 11. Ne4 Nxe4 12. Bxe4 g6 13. b4 Bf8 14. Bc3 Qb6 15. c5 Qd8 16. Qd4 f6 17. Rd1 b6 18. Ne2 bxc5 19. bxc5 Qe7 20. Bd3 Bg7 21. 0-0 Na6 22. Bxa6 Bxa6 23. Rfe1 Bxe2 24. Rxe2 Rab8 25. Red2 Rb7 26. Qc4+ Kf8 27. Rd6 Reb8 28. Qh4 Rb1 29. Qxh7 Rxd1+ 30. Rxd1 Qe4 31. Qh3 Rb7 32. Qf1 Qc2 33. Qd3 Qxd3 34. Rxd3 Kf7 35. h4 Bf8 36. Bd4 Rb1+ 37. Kg2 Rc1 38. Ra3 Bxc5 39. Bxc5 Rxc5 40. Rxa7 Ke6 41. Kf3 f5 42. Kf4 Rc2 43. f3 Rc3 44. g4 fxg4 45. fxg4 Rc4+ 46. Kg5 Re4 47. a4 c5 48. a5 Ra4 49. h5 gxh5 50. gxh5 Ra1 51. Kg6 Rg1+ 52. Kh7 Kd6 53. h6 c4 54. Ra6+ Kc7 55. Rg6 Rxg6 56. Kxg6 c3 57. h7 c2 58. h8Q c1Q 59. Qe5+ Kc6 60. Qe4+ Kb5 61. Qd5+ Ka6 62. e4 Qg1+ 63. Kf6 Qa1+ 64. Kf7 Qxa5 65. Ke7 1-0

[Event "Landesliga Nord 1213 U20"]
[Site "Bayern"]
[Date "2013.01.19"]
[Round "4.3"]
[White "Koch, Christian1111"]
[Black "Simon, Andre"]
[Result "1-0"]
[WhiteElo "1826"]
[BlackElo "1383"]
[PlyCount "53"]
[EventDate "2012.10.20"]
[EventType "team-tourn"]
[EventRounds "7"]
[EventCountry "GER"]
[SourceTitle "EXT 2020"]
[Source "ChessBase"]
[SourceDate "2019.10.17"]
[SourceVersion "1"]
[SourceVersionDate "2019.10.17"]
[SourceQuality "1"]
[WhiteTeam "Hoechstadt SC U20"]
[BlackTeam "Lauf SV U20"]
[WhiteTeamCountry "GER"]
[BlackTeamCountry "GER"]

1. e4 e5 2. f4 exf4 3. Nf3 Nc6 4. Bc4 d6 5. d4 Qf6 6. 0-0 Bg4 7. c3 0-0-0 8. b4 g5 9. Qb3 Rd7 10. Bb5 a6 11. Bxc6 bxc6 12. Qc4 Kb7 13. d5 cxd5 14. exd5 Ne7 15. b5 axb5 16. Qxb5+ Kc8 17. Bb2 Bg7 18. Nbd2 h6 19. a4 Kd8 20. Nd4 Ke8 21. Rae1 Qg6 22. Nc6 f6 23. Nxe7 Qh7 24. Nf5+ Kf8 25. Qxd7 Kg8 26. Qe6+ Kf8 27. Qe8# 1-0

[Event "Landesliga U20 Nord 1011"]
[Site "Bayern"]
[Date "2010.12.04"]
[Round "2.2"]
[White "Simon, Andre"]
[Black "Theiss, Karsten"]
[Result "0-1"]
[WhiteElo "1302"]
[BlackElo "1702"]
[PlyCount "92"]
[EventDate "2010.10.16"]
[EventType "team-tourn"]
[EventRounds "7"]
[EventCountry "GER"]
[SourceTitle "EXT 2022"]
[Source "ChessBase"]
[SourceDate "2021.10.06"]
[SourceVersion "1"]
[SourceVersionDate "2021.10.06"]
[SourceQuality "1"]
[WhiteTeam "Lauf SV U20"]
[BlackTeam "Hoechstadt SC U20"]
[WhiteTeamCountry "GER"]
[BlackTeamCountry "GER"]

1. e4 c5 2. Bc4 e6 3. Nf3 a6 4. 0-0 b5 5. Be2 d6 6. d3 Bb7 7. Be3 g6 8. a3 Bg7 9. c3 Nd7 10. b4 Rc8 11. Qc2 Rc7 12. Rd1 Qc8 13. Rc1 Ngf6 14. Ra2 c4 15. a4 d5 16. exd5 cxd3 17. Bxd3 Nxd5 18. Bd2 Nxb4 19. Qb3 Nxd3 20. Rd1 Bd5 21. Qc2 Nb4 22. Qb2 Nxa2 23. axb5 axb5 24. Qxb5 Nxc3 25. Nxc3 Bxc3 26. Be3 Rb7 27. Qe2 Bc4 28. Qc2 Bb3 29. Qc1 Bxd1 30. Qxd1 0-0 31. h3 Qb8 32. g3 Rb1 33. Bc1 Ne5 34. Ng5 Rd8 35. Qc2 Bd2 36. Kh2 Rxc1 37. Qe4 Bxg5 38. Kg2 Rdd1 39. h4 Qb4 40. Qa8+ Kg7 41. hxg5 Qa4 42. Qb7 Qb5 43. Qe4 Qf1+ 44. Kh2 Qh1+ 45. Qxh1 Rxh1+ 46. Kg2 Rcg1# 0-1

[Event "Bayern-chI Bank Hofmann 14th"]
[Site "Bad Wiessee"]
[Date "2010.11.02"]
[Round "5"]
[White "Simon, Andre"]
[Black "Baum, Bernd"]
[Result "0-1"]
[WhiteElo "2041"]
[BlackElo "2253"]
[PlyCount "138"]
[EventDate "2010.10.30"]
[EventType "swiss"]
[EventRounds "9"]
[EventCountry "GER"]
[SourceTitle "EXT 2011"]
[Source "ChessBase"]
[SourceDate "2010.11.26"]
[SourceVersion "1"]
[SourceVersionDate "2010.11.26"]
[SourceQuality "1"]

1. d4 d5 2. c4 e6 3. Nf3 Nf6 4. g3 c6 5. Bg2 Be7 6. 0-0 0-0 7. Qc2 Nbd7 8. Bf4 Nh5 9. Bc1 f5 10. b3 Ndf6 11. e3 Ne4 12. Ba3 Bxa3 13. Nxa3 Bd7 14. Ne5 Be8 15. Qb2 Nhf6 16. Nc2 Bh5 17. Ne1 Nd7 18. N1d3 Nxe5 19. Nxe5 g5 20. f3 Nd6 21. c5 Nf7 22. Nxf7 Rxf7 23. f4 Rg7 24. b4 Be8 25. Kf2 Qf6 26. Rh1 Bd7 27. Rag1 Kf7 28. Bf3 Rag8 29. Qa1 Ke7 30. a4 a6 31. Be2 Ra8 32. Ke1 Qh6 33. Kd2 Be8 34. Qd1 Bf7 35. Qf1 Bh5 36. Bd3 Qf6 37. Qf2 Bg4 38. Bf1 Rgg8 39. Bd3 Bh3 40. Ra1 h5 41. Rhg1 Qh6 42. Rac1 Rg7 43. b5 axb5 44. axb5 gxf4 45. gxf4 Rxg1 46. Rxg1 h4 47. b6 Ra2+ 48. Bc2 Kf7 49. Rg5 Bg4 50. Qe1 Qh8 51. Qb1 Qa8 52. Qb3 Qa6 53. Qd3 Qa4 54. h3 Bxh3 55. Rh5 Kg6 56. Rxh4 Bf1 57. Qc3 Qa6 58. Rh2 Ra3 59. Qb4 Bc4 60. Rh1 Bd3 61. Rc1 Bf1 62. Re1 Ra2 63. Qb3 Bc4 64. Qc3 Ra3 65. Qb4 Kf6 66. Rb1 Ra5 67. Qc3 Ra2 68. Qb4 Bf1 69. Re1 Qd3+ 0-1

[Event "Berlin Eckbauer op 13th"]
[Site "Berlin"]
[Date "2010.10.04"]
[Round "4.4"]
[White "Bubolz, Konstantin"]
[Black "Simon, Andre"]
[Result "1-0"]
[WhiteElo "2143"]
[BlackElo "2032"]
[PlyCount "59"]
[EventDate "2010.09.13"]
[EventType "swiss"]
[EventRounds "7"]
[EventCountry "GER"]
[SourceTitle "EXT 2022"]
[Source "ChessBase"]
[SourceDate "2021.10.06"]
[SourceVersion "1"]
[SourceVersionDate "2021.10.06"]
[SourceQuality "1"]

1. d4 Nf6 2. c4 Nc6 3. Nc3 e5 4. d5 Ne7 5. g3 Ng6 6. h4 h5 7. Bg5 Be7 8. e3 Ng4 9. Bxe7 Qxe7 10. d6 Qxd6 11. Qxd6 cxd6 12. Nb5 Ke7 13. Rd1 d5 14. Nc7 Rb8 15. Nxd5+ Kf8 16. Bg2 Ne7 17. Nf3 b5 18. c5 b4 19. 0-0 Rh6 20. Nd2 Ra6 21. Nxe7 Kxe7 22. Bd5 Bb7 23. Ne4 Bxd5 24. Rxd5 Rxa2 25. Rfd1 Rb7 26. Nd6 Rc7 27. f3 Nxe3 28. Rxe5+ Kf6 29. Rxe3 Rxb2 30. Ne8+ 1-0

[Event "Dresden ZMD op"]
[Site "Dresden"]
[Date "2008.07.25"]
[Round "7"]
[White "Simon, Andre"]
[Black "Jeske, Mark"]
[Result "1/2-1/2"]
[WhiteElo "1866"]
[BlackElo "2135"]
[PlyCount "86"]
[EventDate "2008.07.19"]
[EventType "swiss"]
[EventRounds "9"]
[EventCountry "GER"]
[SourceTitle "CBM 125 Extra"]
[Source "ChessBase"]
[SourceDate "2008.09.01"]
[SourceVersion "1"]
[SourceVersionDate "2008.09.01"]
[SourceQuality "1"]

1. d4 Nf6 2. Bf4 e6 3. e3 b6 4. Nf3 Be7 5. h3 c5 6. c3 0-0 7. a4 d6 8. Nbd2 Bb7 9. Be2 Nbd7 10. 0-0 Re8 11. Nc4 Ne4 12. Nfd2 Ndf6 13. Nxe4 Nxe4 14. f3 Nf6 15. dxc5 dxc5 16. e4 Ba6 17. Qc2 Nh5 18. Bh2 Bh4 19. Nd6 Bxe2 20. Qxe2 Rf8 21. f4 Bg3 22. Qxh5 Bxh2+ 23. Kxh2 Qxd6 24. Qf3 Rad8 25. Rfd1 Qc6 26. e5 Qxf3 27. gxf3 h6 28. Kg3 Kh7 29. Kf2 f6 30. Ke3 Kg6 31. Rg1+ Kf7 32. Rad1 g5 33. exf6 Kxf6 34. fxg5+ hxg5 35. f4 gxf4+ 36. Kxf4 Rh8 37. Rxd8 Rxd8 38. b3 Rd3 39. Rg3 e5+ 40. Kg4 Rd7 41. h4 Rg7+ 42. Kf3 Rh7 43. Rh3 Kf5 1/2-1/2

[Event "Dresden ZMD op"]
[Site "Dresden"]
[Date "2008.07.24"]
[Round "6"]
[White "Pitschka, Claus"]
[Black "Simon, Andre"]
[Result "1-0"]
[WhiteElo "2301"]
[BlackElo "1866"]
[PlyCount "79"]
[EventDate "2008.07.19"]
[EventType "swiss"]
[EventRounds "9"]
[EventCountry "GER"]
[SourceTitle "CBM 125 Extra"]
[Source "ChessBase"]
[SourceDate "2008.09.01"]
[SourceVersion "1"]
[SourceVersionDate "2008.09.01"]
[SourceQuality "1"]

1. e4 d6 2. d4 Nf6 3. Nc3 Nbd7 4. Nf3 e5 5. Bc4 Be7 6. 0-0 0-0 7. Re1 c6 8. a4 b6 9. d5 c5 10. a5 a6 11. axb6 Nxb6 12. Bf1 Bd7 13. Rxa6 Rxa6 14. Bxa6 Ne8 15. Bb5 Nc7 16. Bxd7 Qxd7 17. Nd2 Bg5 18. Nf1 Bxc1 19. Qxc1 Nb5 20. Nxb5 Qxb5 21. Ne3 g6 22. b3 Qb4 23. f3 f5 24. exf5 gxf5 25. Rd1 f4 26. Ng4 c4 27. Nf2 cxb3 28. cxb3 Rc8 29. Qb1 Rc3 30. Qf5 Qc5 31. Qe6+ Kg7 32. b4 Qe3 33. Qg4+ Kf7 34. Qf5+ Kg7 35. h4 Nc8 36. Qd7+ Kf6 37. Qe6+ Kg7 38. h5 Rc2 39. h6+ Kf8 40. Qf5+ 1-0